Statistics for All Zonai Devices - The Legend of Zelda: Tears of the Kingdom

Click here to take the quiz!

General Stats

  • This quiz has been taken 164 times
  • The average score is 17 of 27

Answer Stats

Answer% Correct
Fan
96%
Flame Emitter
88%
Rocket
82%
Big Wheel
80%
Frost Emitter
79%
Wing
79%
Shock Emitter
76%
Small Wheel
76%
Steering Stick
75%
Beam Emitter
71%
Cart
67%
Light
62%
Battery
61%
Sled
61%
Stabilizer
59%
Big Battery
57%
Portable Pot
54%
Time Bomb
54%
Cannon
53%
Stake
52%
Mirror
51%
Balloon
50%
Hydrant
47%
Spring
44%
Construct Head
43%
Homing Cart
42%
Hover Stone
40%

Score Distribution

Percentile by Number Answered

Percent of People with Each Score

Your Score History

You have not taken this quiz